<?xml version="1.0" encoding="UTF-8"?>
<collection xmlns="http://www.loc.gov/MARC21/slim">
    <record>
        <controlfield tag="001">178974</controlfield>
        <controlfield tag="005">20160817111945.0</controlfield>
        <datafield tag="022" ind1=" " ind2=" ">
            <subfield code="a">0375-1074</subfield>
        </datafield>
        <datafield tag="024" ind1="7" ind2=" ">
            <subfield code="2">ZDBID</subfield>
            <subfield code="a">PERI:(DE-600)735482-4</subfield>
        </datafield>
        <datafield tag="024" ind1="7" ind2=" ">
            <subfield code="2">ZDBPPN</subfield>
            <subfield code="a">ZDPPN:01398344X</subfield>
        </datafield>
        <datafield tag="024" ind1="7" ind2=" ">
            <subfield code="2">Medline</subfield>
            <subfield code="a">medline:20220030R</subfield>
        </datafield>
        <datafield tag="035" ind1=" " ind2=" ">
            <subfield code="a">PERI:(DE-600)735482-4</subfield>
        </datafield>
        <datafield tag="082" ind1=" " ind2=" ">
            <subfield code="a">630</subfield>
        </datafield>
        <datafield tag="210" ind1="0" ind2=" ">
            <subfield code="2">iso</subfield>
            <subfield code="a">Rev Med Vet (Bogota)</subfield>
        </datafield>
        <datafield tag="210" ind1="0" ind2=" ">
            <subfield code="2">dnlm</subfield>
            <subfield code="a">Rev Med Vet (Bogota)</subfield>
        </datafield>
        <datafield tag="210" ind1="0" ind2=" ">
            <subfield code="2">iso</subfield>
            <subfield code="a">Rev Med Vet (Bogota)</subfield>
        </datafield>
        <datafield tag="245" ind1=" " ind2=" ">
            <subfield code="a">Revista de medicina veterinaria</subfield>
            <subfield code="c">República de Colombia, Universidad Nacional, órgano de la Facultad de Medicina y de Zootecnia</subfield>
            <subfield code="h">print</subfield>
        </datafield>
        <datafield tag="247" ind1=" " ind2=" ">
            <subfield code="2">DE-600</subfield>
            <subfield code="a">Revista de medicina veterinaria</subfield>
        </datafield>
        <datafield tag="260" ind1=" " ind2=" ">
            <subfield code="a">Bogotá</subfield>
        </datafield>
        <datafield tag="380" ind1=" " ind2=" ">
            <subfield code="2">marcgt</subfield>
            <subfield code="a">journal</subfield>
        </datafield>
        <datafield tag="500" ind1=" " ind2=" ">
            <subfield code="a">Automatically generated record. (Updated: 08/2016)</subfield>
        </datafield>
        <datafield tag="909" ind1="C" ind2="O">
            <subfield code="o">oai:juser.fz-juelich.de:274118</subfield>
            <subfield code="p">authority</subfield>
            <subfield code="p">authority:PERI</subfield>
        </datafield>
        <datafield tag="909" ind1="C" ind2="O">
            <subfield code="o">oai:juser.fz-juelich.de:274118</subfield>
        </datafield>
        <datafield tag="915" ind1=" " ind2=" ">
            <subfield code="0">StatID:(DE-HGF)0300</subfield>
            <subfield code="2">StatID</subfield>
            <subfield code="a">DBCoverage</subfield>
            <subfield code="b">Medline</subfield>
        </datafield>
        <datafield tag="980" ind1=" " ind2=" ">
            <subfield code="a">PERI</subfield>
        </datafield>
        <datafield tag="980" ind1=" " ind2=" ">
            <subfield code="a">AUTHORITY</subfield>
        </datafield>
    </record>

    
</collection>